[Event "Scarborough CC Spring Swiss"]
[Site "Toronto CAN"]
[Date "2007.03.22"]
[Round "2"]
[White "Bellomo, Joe"]
[Black "Lamb, Bryan"]
[Result "0-1"]
[WhiteElo "1778"]
[BlackElo "2203"]
[PlyCount "80"]
[GameId "2160767910709854"]
[EventDate "2007.03.15"]
[EventType "swiss"]
[EventRounds "8"]
[EventCountry "CAN"]
[SourceTitle "EXT 2022"]
[Source "ChessBase"]
[SourceDate "2021.10.06"]
[SourceVersion "1"]
[SourceVersionDate "2021.10.06"]
[SourceQuality "1"]

1. e4 e6 2. d4 d5 3. Nc3 Bb4 4. e5 c5 5. a3 Bxc3+ 6. bxc3 Qc7 7. Nf3 Nc6 8. Be2 Nge7 9. O-O Bd7 10. Re1 Na5 11. Bg5 cxd4 12. Bxe7 Kxe7 13. cxd4 Rhc8 14. Qd2 h6 15. Qb4+ Ke8 16. Bd3 Qc3 17. Qb1 Rab8 18. Rd1 Rc6 19. Bb5 Rb6 20. Bxd7+ Kxd7 21. Qc1 Rc8 22. Qf4 Ke8 23. g4 Rb2 24. Ne1 Qh3 25. Rd3 Qh4 26. Rf3 Rc7 27. Nd3 Rbxc2 28. Nc5 Qe7 29. Qe3 b6 30. Qd3 Rc4 31. Qh7 bxc5 32. Qg8+ Qf8 33. Qh7 cxd4 34. Qd3 a6 35. Qd2 Rc3 36. Qb2 Qc5 37. Rxc3 dxc3 38. Qb8+ Rc8 39. Qb1 c2 40. Qc1 Nb3 0-1

[Event "Scarborough CC Spring Swiss"]
[Site "Toronto CAN"]
[Date "2007.03.22"]
[Round "2"]
[White "Blackman, Gord"]
[Black "Paterson, Jim"]
[Result "0-1"]
[WhiteElo "1633"]
[BlackElo "1916"]
[PlyCount "62"]
[GameId "2160767910709855"]
[EventDate "2007.03.15"]
[EventType "swiss"]
[EventRounds "8"]
[EventCountry "CAN"]
[SourceTitle "EXT 2022"]
[Source "ChessBase"]
[SourceDate "2021.10.06"]
[SourceVersion "1"]
[SourceVersionDate "2021.10.06"]
[SourceQuality "1"]

1. c4 c5 2. g3 Nf6 3. Nc3 e6 4. Bg2 a6 5. d3 Nc6 6. e3 Be7 7. Nge2 O-O 8. O-O Rb8 9. b3 Qc7 10. a3 Rd8 11. Qc2 d5 12. cxd5 exd5 13. Nf4 Be6 14. Bb2 d4 15. Ne4 dxe3 16. fxe3 Nd5 17. Nxd5 Bxd5 18. Qc3 f6 19. Rxf6 Bxe4 20. Rxc6 Bf6 21. Rxf6 Bxg2 22. Kxg2 gxf6 23. Qxf6 Qc6+ 24. Qf3 Rxd3 25. Rf1 Rd2+ 26. Rf2 Qxf3+ 27. Kxf3 Rf8+ 28. Kg4 Rfxf2 29. Bc3 Rd3 30. Be1 Rf1 31. Ba5 Rxb3 0-1

[Event "Scarborough CC Spring Swiss"]
[Site "Toronto CAN"]
[Date "2007.03.22"]
[Round "2"]
[White "Chuderski, Jan"]
[Black "Deiseach, Donald"]
[Result "0-1"]
[WhiteElo "1527"]
[BlackElo "2005"]
[PlyCount "81"]
[GameId "2160767910709856"]
[EventDate "2007.03.15"]
[EventType "swiss"]
[EventRounds "8"]
[EventCountry "CAN"]
[SourceTitle "EXT 2022"]
[Source "ChessBase"]
[SourceDate "2021.10.06"]
[SourceVersion "1"]
[SourceVersionDate "2021.10.06"]
[SourceQuality "1"]

1. Nf3 d5 2. c4 d4 3. b3 Nc6 4. d3 Nf6 5. Bb2 e5 6. Nbd2 Be7 7. g3 O-O 8. Bg2 h6 9. O-O Nh7 10. a3 a5 11. Rc1 f5 12. Rc2 Nf6 13. Qa1 Be6 14. Nh4 Kh7 15. Bh3 Qd7 16. Bg2 Rad8 17. Nhf3 e4 18. Ne1 e3 19. fxe3 dxe3 20. Ndf3 Bc5 21. Ne5 Nxe5 22. Bxe5 Ng4 23. Bc3 b6 24. Nf3 Qe7 25. d4 Bxa3 26. d5 Bd7 27. h3 Nf2 28. Ne5 Bc5 29. Bd4 f4 30. Nxd7 Qxd7 31. Bxc5 bxc5 32. g4 Qe7 33. Qxa5 Qh4 34. Rxf2 Qxf2+ 35. Kh1 f3 36. exf3 Qxc2 37. Qe1 Qxb3 38. Qe2 Ra8 39. Kh2 Ra2 40. Qf1 Rf2 41. Qd1 0-1

[Event "Scarborough CC Spring Swiss"]
[Site "Toronto CAN"]
[Date "2007.03.22"]
[Round "2"]
[White "Dattani, Dinesh"]
[Black "Mesiti, Silvano"]
[Result "0-1"]
[WhiteElo "1376"]
[BlackElo "1782"]
[PlyCount "78"]
[GameId "2160767910709857"]
[EventDate "2007.03.15"]
[EventType "swiss"]
[EventRounds "8"]
[EventCountry "CAN"]
[SourceTitle "EXT 2022"]
[Source "ChessBase"]
[SourceDate "2021.10.06"]
[SourceVersion "1"]
[SourceVersionDate "2021.10.06"]
[SourceQuality "1"]

1. d4 d5 2. c4 Nc6 3. e3 Nf6 4. Nf3 Bg4 5. cxd5 Qxd5 6. Nbd2 e6 7. a3 Be7 8. Be2 O-O 9. O-O Qh5 10. h3 Bxf3 11. Bxf3 Qb5 12. Qc2 Nd5 13. Re1 Nf6 14. Ne4 Rac8 15. Bd2 Nd8 16. Be2 Qc6 17. Nxf6+ Bxf6 18. Qb3 Qb6 19. Qxb6 axb6 20. Rec1 c6 21. b4 Be7 22. b5 f5 23. a4 g5 24. f4 Kg7 25. a5 bxa5 26. Rxa5 Bf6 27. Ra7 Rf7 28. Ba5 gxf4 29. exf4 Bxd4+ 30. Kh2 Bxa7 31. Bxd8 Rxd8 32. bxc6 bxc6 33. Rxc6 Kf6 34. Bc4 Re7 35. g4 fxg4 36. hxg4 Bb8 37. Kg3 Rd4 38. Rc8 Bxf4+ 39. Kf3 Kg7 0-1

[Event "Scarborough CC Spring Swiss"]
[Site "Toronto CAN"]
[Date "2007.03.22"]
[Round "2"]
[White "Douglas, Steven1"]
[Black "Smith, Maurice"]
[Result "1/2-1/2"]
[WhiteElo "1589"]
[BlackElo "1771"]
[PlyCount "108"]
[GameId "2160767910709858"]
[EventDate "2007.03.15"]
[EventType "swiss"]
[EventRounds "8"]
[EventCountry "CAN"]
[SourceTitle "EXT 2022"]
[Source "ChessBase"]
[SourceDate "2021.10.06"]
[SourceVersion "1"]
[SourceVersionDate "2021.10.06"]
[SourceQuality "1"]

1. e4 c5 2. Nc3 e6 3. f4 d5 4. Bb5+ Nc6 5. Bxc6+ bxc6 6. e5 Ne7 7. Nf3 Ba6 8. d3 Nf5 9. O-O Be7 10. Ne2 Qb6 11. Kh1 Nd4 12. Nexd4 cxd4 13. Qe1 c5 14. Qg3 g6 15. Ng5 h6 16. Nh3 Kd7 17. b3 Rag8 18. Bb2 Qd8 19. c4 Qe8 20. cxd5 exd5 21. Qf3 Bb7 22. Rae1 Qf8 23. f5 g5 24. f6 Bd8 25. Qg4+ Kc7 26. e6 fxe6 27. Qxe6 Qd6 28. Qf5 Bc8 29. Qf2 Rf8 30. Rc1 Kb8 31. Ba3 Bb6 32. Qxd4 Bc7 33. Qg1 Bb6 34. Bxc5 Bxc5 35. Qxc5 Qxc5 36. Rxc5 Bb7 37. d4 Rf7 38. Rc2 Rhf8 39. Rcf2 Ba6 40. Re1 Rxf6 41. Rxf6 Rxf6 42. g3 Bc8 43. Ng1 Bf5 44. Ne2 Re6 45. Kg1 Re3 46. Kf2 Rd3 47. Rc1 Bg4 48. Rc2 Bxe2 49. Kxe2 Rxd4 50. Rc5 Kb7 51. Ke3 Rd1 52. Ke2 Rd4 53. Ke3 Rd1 54. Ke2 Rd4 1/2-1/2

[Event "Scarborough CC Spring Swiss"]
[Site "Toronto CAN"]
[Date "2007.03.22"]
[Round "2"]
[White "Garel, Rick"]
[Black "Philip, Andrew"]
[Result "1-0"]
[WhiteElo "1954"]
[BlackElo "1752"]
[PlyCount "70"]
[GameId "2160767910709859"]
[EventDate "2007.03.15"]
[EventType "swiss"]
[EventRounds "8"]
[EventCountry "CAN"]
[SourceTitle "EXT 2022"]
[Source "ChessBase"]
[SourceDate "2021.10.06"]
[SourceVersion "1"]
[SourceVersionDate "2021.10.06"]
[SourceQuality "1"]

1. c4 Nc6 2. Nc3 g6 3. Nf3 Bg7 4. d4 d6 5. d5 Nb8 6. e4 Bg4 7. Be2 Nf6 8. Be3 Nbd7 9. h3 Bxf3 10. Bxf3 c6 11. O-O O-O 12. Qd2 cxd5 13. exd5 Rc8 14. Be2 Ne5 15. b3 Ne8 16. f4 Nd7 17. Bd4 a5 18. Bxg7 Nxg7 19. Bg4 h5 20. Bxd7 Qxd7 21. Nb5 b6 22. Rae1 Nf5 23. Qf2 Rc5 24. Nd4 e6 25. dxe6 fxe6 26. Nxe6 Rf6 27. Nxc5 dxc5 28. Re4 Re6 29. Rxe6 Qxe6 30. Re1 Qf6 31. Re5 Qd6 32. g4 hxg4 33. Rd5 Qf6 34. hxg4 Nd4 35. g5 Qf5 1-0

[Event "Scarborough CC Spring Swiss"]
[Site "Toronto CAN"]
[Date "2007.03.22"]
[Round "2"]
[White "Gillis, Doug"]
[Black "Shah, Vanshil"]
[Result "1-0"]
[WhiteElo "1540"]
[BlackElo "983"]
[PlyCount "31"]
[GameId "2160767910709860"]
[EventDate "2007.03.15"]
[EventType "swiss"]
[EventRounds "8"]
[EventCountry "CAN"]
[SourceTitle "EXT 2022"]
[Source "ChessBase"]
[SourceDate "2021.10.06"]
[SourceVersion "1"]
[SourceVersionDate "2021.10.06"]
[SourceQuality "1"]

1. e4 d6 2. d4 e5 3. dxe5 Be7 4. exd6 Bxd6 5. c3 Nf6 6. Nf3 O-O 7. Bc4 Bg4 8. h3 Bd7 9. O-O Qe8 10. Re1 Nh5 11. Ng5 Qe5 12. Qxh5 Re8 13. Bxf7+ Kf8 14. Nxh7+ Ke7 15. Bg5+ Qf6 16. Bxf6+ 1-0

[Event "Scarborough CC Spring Swiss"]
[Site "Toronto CAN"]
[Date "2007.03.22"]
[Round "2"]
[White "Karpik, Steve"]
[Black "Lung, Stephen"]
[Result "1/2-1/2"]
[WhiteElo "1600"]
[BlackElo "1606"]
[PlyCount "63"]
[GameId "2160767910709861"]
[EventDate "2007.03.15"]
[EventType "swiss"]
[EventRounds "8"]
[EventCountry "CAN"]
[SourceTitle "EXT 2022"]
[Source "ChessBase"]
[SourceDate "2021.10.06"]
[SourceVersion "1"]
[SourceVersionDate "2021.10.06"]
[SourceQuality "1"]

1. Nf3 d5 2. c4 c6 3. b3 e6 4. g3 Nf6 5. Bg2 Be7 6. Bb2 Nbd7 7. d3 O-O 8. O-O Re8 9. Nbd2 b6 10. cxd5 cxd5 11. e3 Bb7 12. d4 Rc8 13. Rc1 Rxc1 14. Qxc1 Qc8 15. Qxc8 Rxc8 16. Rc1 Rxc1+ 17. Bxc1 Ba6 18. Bf1 Nb8 19. Bxa6 Nxa6 20. a3 Kf8 21. Ne5 Nb8 22. h3 Ke8 23. Kf1 Nbd7 24. Nxd7 Kxd7 25. Ke2 Kc6 26. Kd3 Nd7 27. Nf3 Kb5 28. Bb2 Kc6 29. Kc2 Kb5 30. Kd3 Kc6 31. Kc2 Kb5 32. Kd3 1/2-1/2

[Event "Scarborough CC Spring Swiss"]
[Site "Toronto CAN"]
[Date "2007.03.22"]
[Round "2"]
[White "London, John"]
[Black "Roe, Jim"]
[Result "1-0"]
[WhiteElo "1836"]
[BlackElo "1637"]
[PlyCount "51"]
[GameId "2160767910709862"]
[EventDate "2007.03.15"]
[EventType "swiss"]
[EventRounds "8"]
[EventCountry "CAN"]
[SourceTitle "EXT 2022"]
[Source "ChessBase"]
[SourceDate "2021.10.06"]
[SourceVersion "1"]
[SourceVersionDate "2021.10.06"]
[SourceQuality "1"]

1. Nf3 d5 2. b3 c5 3. Bb2 Nc6 4. e3 Nf6 5. d3 Bg4 6. Be2 Bxf3 7. Bxf3 e5 8. Nd2 d4 9. O-O Bd6 10. Ne4 Nxe4 11. Bxe4 O-O 12. Bd5 Qd7 13. c3 Rae8 14. cxd4 exd4 15. Bxc6 bxc6 16. e4 f5 17. Re1 f4 18. f3 Rf6 19. Rc1 Rh6 20. b4 Re5 21. Qb3+ Qf7 22. Qxf7+ Kxf7 23. bxc5 Bc7 24. Bxd4 Reh5 25. h3 Rg5 26. Kf1 1-0

[Event "Scarborough CC Spring Swiss"]
[Site "Toronto CAN"]
[Date "2007.03.22"]
[Round "2"]
[White "Moran, Mario"]
[Black "Arfin, Sam"]
[Result "1/2-1/2"]
[WhiteElo "1751"]
[BlackElo "1351"]
[PlyCount "108"]
[GameId "2160767910709864"]
[EventDate "2007.03.15"]
[EventType "swiss"]
[EventRounds "8"]
[EventCountry "CAN"]
[SourceTitle "EXT 2022"]
[Source "ChessBase"]
[SourceDate "2021.10.06"]
[SourceVersion "1"]
[SourceVersionDate "2021.10.06"]
[SourceQuality "1"]

1. d4 e6 2. c4 Nf6 3. Nc3 Bb4 4. Qc2 d5 5. Nf3 c5 6. a3 Bxc3+ 7. bxc3 Qc7 8. e3 O-O 9. a4 b6 10. cxd5 exd5 11. Be2 Nc6 12. O-O Bg4 13. Ba3 Ne7 14. Ne5 Bf5 15. Bd3 Bxd3 16. Nxd3 cxd4 17. Bxe7 Qxe7 18. cxd4 Rac8 19. Qb3 Rc4 20. a5 bxa5 21. Rxa5 Rfc8 22. Rfa1 h6 23. h3 Rc3 24. Qb5 R3c7 25. Nc5 Kh7 26. Qb1+ Kh8 27. Qf5 Ra8 28. Na6 Rcc8 29. Nc5 Rc7 30. Na6 Rcc8 31. Nc5 Rc7 32. Rb1 Qd8 33. Rbb5 Rb8 34. Qb1 Rxb5 35. Rxb5 Qe7 36. Rb8+ Ng8 37. Qa2 Qd6 38. Ra8 g6 39. Rxa7 Rxa7 40. Qxa7 Kg7 41. Nd3 Nf6 42. Ne5 Qe6 43. Qb7 Kg8 44. Qa8+ Kg7 45. Nc6 Qe8 46. Qb7 Qe6 47. Nd8 Qd7 48. Qa8 h5 49. Nc6 Qe6 50. Ne5 Nh7 51. Qb7 Nf6 52. Nd3 Kf8 53. Nf4 Qd6 54. Qc8+ Kg7 1/2-1/2

[Event "Scarborough CC Spring Swiss"]
[Site "Toronto CAN"]
[Date "2007.03.22"]
[Round "2"]
[White "Samaroo, Muneshwar"]
[Black "Moysoski, Randy"]
[Result "0-1"]
[WhiteElo "1513"]
[BlackElo "1916"]
[PlyCount "88"]
[GameId "2160767910709866"]
[EventDate "2007.03.15"]
[EventType "swiss"]
[EventRounds "8"]
[EventCountry "CAN"]
[SourceTitle "EXT 2022"]
[Source "ChessBase"]
[SourceDate "2021.10.06"]
[SourceVersion "1"]
[SourceVersionDate "2021.10.06"]
[SourceQuality "1"]

1. e4 d5 2. exd5 Nf6 3. Nf3 Qxd5 4. c4 Qa5 5. Nc3 c6 6. d3 Bg4 7. Be2 e6 8. h3 Bh5 9. Qc2 Nbd7 10. Be3 Qc7 11. a4 Bb4 12. O-O O-O-O 13. Na2 Bd6 14. c5 Be7 15. b4 Nd5 16. Bd2 Bf6 17. Rac1 Ne5 18. Qd1 Bxf3 19. gxf3 Ng6 20. Rc4 Ndf4 21. Bxf4 Nxf4 22. b5 Nxh3+ 23. Kg2 Nf4+ 24. Kh1 Rd5 25. Rxf4 Qxf4 26. Qc1 Qh4+ 27. Kg2 Rg5+ 28. Qxg5 Qxg5+ 29. Kh1 Qd2 30. Nc1 Bb2 31. Rd1 Qxc1 32. Rxc1 Bxc1 33. bxc6 bxc6 34. Kg2 Bf4 35. a5 h5 36. Kh3 g5 37. a6 Kd7 38. d4 f5 39. Bd1 Bd2 40. Kg3 h4+ 41. Kh3 Be1 42. Bb3 Rb8 43. Bc4 Rb4 44. Be2 Bxf2 0-1

[Event "Scarborough CC Spring Swiss"]
[Site "Toronto CAN"]
[Date "2007.03.22"]
[Round "2"]
[White "Sherman, Joshua"]
[Black "Husain, Imtiaz"]
[Result "0-1"]
[WhiteElo "1700"]
[BlackElo "2145"]
[PlyCount "60"]
[GameId "2160767910709867"]
[EventDate "2007.03.15"]
[EventType "swiss"]
[EventRounds "8"]
[EventCountry "CAN"]
[SourceTitle "EXT 2022"]
[Source "ChessBase"]
[SourceDate "2021.10.06"]
[SourceVersion "1"]
[SourceVersionDate "2021.10.06"]
[SourceQuality "1"]

1. e4 c5 2. d4 cxd4 3. c3 dxc3 4. Nxc3 Nc6 5. Bc4 g6 6. Nf3 Bg7 7. O-O Nf6 8. Qe2 O-O 9. Rd1 a6 10. e5 Ne8 11. e6 fxe6 12. Bxe6+ Kh8 13. Ng5 Nd4 14. Nf7+ Rxf7 15. Rxd4 Bxd4 16. Bxf7 Nd6 17. Bb3 Qf8 18. Bg5 e6 19. Rd1 Bg7 20. Rd3 h6 21. Bxh6 Bxh6 22. Qe5+ Bg7 23. Qxd6 Qxd6 24. Rxd6 Be5 25. Rd3 d5 26. Re3 Bc7 27. Bxd5 exd5 28. Nxd5 Bd6 29. Re8+ Kg7 30. Nb6 Bc5 0-1

[Event "Scarborough CC Spring Swiss"]
[Site "Toronto CAN"]
[Date "2007.03.22"]
[Round "2"]
[White "Termeer, Ted"]
[Black "Rutherdale, William"]
[Result "0-1"]
[WhiteElo "1384"]
[BlackElo "1915"]
[PlyCount "70"]
[GameId "2160767910709868"]
[EventDate "2007.03.15"]
[EventType "swiss"]
[EventRounds "8"]
[EventCountry "CAN"]
[SourceTitle "EXT 2022"]
[Source "ChessBase"]
[SourceDate "2021.10.06"]
[SourceVersion "1"]
[SourceVersionDate "2021.10.06"]
[SourceQuality "1"]

1. Nf3 c5 2. d4 cxd4 3. Nxd4 Nf6 4. Nc3 g6 5. Bf4 Bg7 6. h3 O-O 7. e3 d6 8. Bh2 Nc6 9. Nb3 a6 10. Bd3 b5 11. O-O Bb7 12. Rb1 Rc8 13. Be2 Qd7 14. Bf3 Rfd8 15. Nd5 Nxd5 16. Bxd5 Ne5 17. Bxb7 Qxb7 18. c3 Nc4 19. Nd4 Rc5 20. Qc2 Rdc8 21. Rfc1 Rg5 22. g3 Rh5 23. h4 Rcc5 24. Qe2 Qe4 25. Qf3 Qxf3 26. Nxf3 Rhf5 27. Nd4 Rf6 28. g4 h6 29. g5 hxg5 30. hxg5 Rxg5+ 31. Bg3 Nd2 32. Ra1 Nf3+ 33. Nxf3 Rxf3 34. Kf1 Rgxg3 35. Ke2 Rh3 0-1

[Event "Scarborough CC Spring Swiss"]
[Site "Toronto CAN"]
[Date "2007.03.29"]
[Round "3"]
[White "Aniag, Danilo"]
[Black "Douglas, Richard"]
[Result "1/2-1/2"]
[WhiteElo "1956"]
[BlackElo "1760"]
[PlyCount "100"]
[GameId "2160767910709871"]
[EventDate "2007.03.15"]
[EventType "swiss"]
[EventRounds "8"]
[EventCountry "CAN"]
[SourceTitle "EXT 2022"]
[Source "ChessBase"]
[SourceDate "2021.10.06"]
[SourceVersion "1"]
[SourceVersionDate "2021.10.06"]
[SourceQuality "1"]

1. d4 Nf6 2. c4 g6 3. Nc3 Bg7 4. Nf3 O-O 5. g3 d6 6. Bg2 c5 7. O-O Nc6 8. dxc5 dxc5 9. Be3 Nd7 10. Qa4 Qa5 11. Qb3 Qb4 12. Nd5 Qxb3 13. axb3 Bxb2 14. Ra2 Bg7 15. Rd1 e6 16. Nc7 Rb8 17. Nb5 a6 18. Nd6 Rd8 19. Nxc8 Rbxc8 20. Rad2 Ncb8 21. Ng5 Rc7 22. Ne4 Rf8 23. Bg5 f6 24. Bh3 f5 25. Nd6 Nf6 26. e4 h6 27. Bf4 g5 28. Be3 g4 29. e5 Nfd7 30. Bg2 b6 31. Bf4 Nxe5 32. Re2 Nbd7 33. Bb7 a5 34. Bg2 h5 35. Nb5 Rcc8 36. Rd6 Rfe8 37. Red2 Re7 38. Bg5 Nf6 39. Rxb6 a4 40. Nd6 Rcc7 41. bxa4 Nf7 42. Rb8+ Kh7 43. Bxf6 Bxf6 44. Ne8 Bg5 45. Nxc7 Bxd2 46. Nb5 Ne5 47. Rd8 Bb4 48. Nd6 Ra7 49. Ra8 Rd7 50. Ra6 Nd3 1/2-1/2

[Event "Scarborough CC Spring Swiss"]
[Site "Toronto CAN"]
[Date "2007.03.29"]
[Round "3"]
[White "Arfin, Sam"]
[Black "Sherman, Joshua"]
[Result "1/2-1/2"]
[WhiteElo "1351"]
[BlackElo "1700"]
[PlyCount "54"]
[GameId "2160767910709872"]
[EventDate "2007.03.15"]
[EventType "swiss"]
[EventRounds "8"]
[EventCountry "CAN"]
[SourceTitle "EXT 2022"]
[Source "ChessBase"]
[SourceDate "2021.10.06"]
[SourceVersion "1"]
[SourceVersionDate "2021.10.06"]
[SourceQuality "1"]

1. e4 e5 2. Nf3 Nc6 3. Bb5 a6 4. Ba4 Nf6 5. O-O Nxe4 6. Re1 Nf6 7. Nxe5 Nxe5 8. Rxe5+ Be7 9. d4 b5 10. Bb3 d5 11. Bg5 Be6 12. Bxf6 Bxf6 13. Re1 O-O 14. c3 Qd6 15. Nd2 Qf4 16. Re3 Bg4 17. Qe1 c6 18. Bd1 Bxd1 19. Qxd1 Rae8 20. Qf3 Bg5 21. Qxf4 Bxf4 22. Rxe8 Rxe8 23. Nf3 Re7 24. Re1 Rxe1+ 25. Nxe1 Kf8 26. Kf1 Ke7 27. Ke2 Ke6 1/2-1/2

[Event "Scarborough CC Spring Swiss"]
[Site "Toronto CAN"]
[Date "2007.03.29"]
[Round "3"]
[White "Blackman, Gord"]
[Black "Ben Avraham, Mark"]
[Result "1/2-1/2"]
[WhiteElo "1633"]
[BlackElo "1113"]
[PlyCount "69"]
[GameId "2160767910709873"]
[EventDate "2007.03.15"]
[EventType "swiss"]
[EventRounds "8"]
[EventCountry "CAN"]
[SourceTitle "EXT 2022"]
[Source "ChessBase"]
[SourceDate "2021.10.06"]
[SourceVersion "1"]
[SourceVersionDate "2021.10.06"]
[SourceQuality "1"]

1. c4 c5 2. Nc3 Nf6 3. g3 g6 4. Bg2 Bg7 5. d3 d6 6. Nf3 Nc6 7. O-O O-O 8. a3 Re8 9. Bd2 e6 10. e3 d5 11. cxd5 exd5 12. Re1 Qb6 13. Na4 Qb5 14. Rc1 b6 15. d4 Ne4 16. Bf1 c4 17. Bc3 Bg4 18. Kg2 Na5 19. b4 Nb3 20. Qxb3 Bh3+ 21. Kg1 Bxf1 22. Qd1 Bh3 23. Nd2 Qd7 24. f3 Ng5 25. Nb2 Qf5 26. Qe2 Re7 27. Nd1 Rae8 28. Qf2 Bh6 29. f4 Ne4 30. Nxe4 Qxe4 31. Qc2 Qf3 32. Qe2 Qe4 33. Qc2 Qe6 34. Qf2 Bg4 35. Bd2 1/2-1/2

[Event "Scarborough CC Spring Swiss"]
[Site "Toronto CAN"]
[Date "2007.03.29"]
[Round "3"]
[White "Farrant-Diaz, Nathan"]
[Black "Dattani, Dinesh"]
[Result "1-0"]
[WhiteElo "1318"]
[BlackElo "1376"]
[PlyCount "50"]
[GameId "2160767910709874"]
[EventDate "2007.03.15"]
[EventType "swiss"]
[EventRounds "8"]
[EventCountry "CAN"]
[SourceTitle "EXT 2022"]
[Source "ChessBase"]
[SourceDate "2021.10.06"]
[SourceVersion "1"]
[SourceVersionDate "2021.10.06"]
[SourceQuality "1"]

1. e4 e5 2. Nf3 Nc6 3. d4 exd4 4. Nxd4 Nxd4 5. Qxd4 d6 6. Nc3 Nf6 7. Bg5 Be7 8. Bc4 O-O 9. O-O c5 10. Qe3 Ng4 11. Bxe7 Nxe3 12. Bxd8 Nxf1 13. Bg5 Nxh2 14. Kxh2 Be6 15. Bd5 Bxd5 16. exd5 f6 17. Bf4 Rfe8 18. Bxd6 c4 19. Rd1 a6 20. Bc7 Rac8 21. d6 Rf8 22. Nd5 Rf7 23. Ne7+ Rxe7 24. dxe7 Re8 25. Bd8 b5 1-0

[Event "Scarborough CC Spring Swiss"]
[Site "Toronto CAN"]
[Date "2007.03.29"]
[Round "3"]
[White "Hall, John2"]
[Black "Moysoski, Randy"]
[Result "0-1"]
[WhiteElo "2067"]
[BlackElo "1916"]
[PlyCount "146"]
[GameId "2160767910709875"]
[EventDate "2007.03.15"]
[EventType "swiss"]
[EventRounds "8"]
[EventCountry "CAN"]
[SourceTitle "EXT 2022"]
[Source "ChessBase"]
[SourceDate "2021.10.06"]
[SourceVersion "1"]
[SourceVersionDate "2021.10.06"]
[SourceQuality "1"]

1. d4 Nf6 2. Nf3 d6 3. c4 c5 4. d5 Bg4 5. Nc3 Nbd7 6. Bg5 h6 7. Bh4 a6 8. Nd2 Qa5 9. f3 Bf5 10. e4 Bg6 11. Nb3 Qb4 12. a3 Qb6 13. Be2 Nh5 14. Bg3 e5 15. dxe6 fxe6 16. f4 Ndf6 17. f5 Nxg3 18. hxg3 Bf7 19. g4 g5 20. fxg6 Bxg6 21. g5 Nd7 22. Bh5 Bxh5 23. Qxh5+ Kd8 24. Qd1 Ne5 25. Qc2 Bg7 26. O-O-O hxg5 27. Rxh8+ Bxh8 28. Na4 Qc6 29. Naxc5 Ke7 30. Nd3 Qxc4 31. Nxe5 Qxc2+ 32. Kxc2 Rc8+ 33. Kd3 Bxe5 34. Rh1 Bg7 35. Rh7 Kf7 36. Na5 Kg6 37. Rh1 Rc7 38. Rb1 b5 39. Nb3 Rc4 40. Nd2 Rc8 41. b3 Rc3+ 42. Ke2 g4 43. a4 Bh6 44. Rb2 Kf6 45. axb5 axb5 46. Ra2 Bf4 47. b4 Kg6 48. Nb1 Rb3 49. Na3 Re3+ 50. Kf2 Rxe4 51. Nxb5 Rxb4 52. Nc3 d5 53. Ne2 Be5 54. Ra8 Rb2 55. Rg8+ Kf5 56. Ke3 Rb3+ 57. Kd2 Rb2+ 58. Kd3 Ra2 59. Rf8+ Kg6 60. Rg8+ Bg7 61. Re8 e5 62. Re6+ Kf5 63. Rd6 e4+ 64. Ke3 Ra3+ 65. Kd2 Rd3+ 66. Ke1 Be5 67. Rd8 e3 68. Rf8+ Ke4 69. Re8 Ra3 70. Ng3+ Kd3 71. Ra8 Rxa8 72. Ne2 Ra1+ 73. Nc1+ Rxc1# 0-1

[Event "Scarborough CC Spring Swiss"]
[Site "Toronto CAN"]
[Date "2007.03.29"]
[Round "3"]
[White "Husain, Imtiaz"]
[Black "Garel, Rick"]
[Result "0-1"]
[WhiteElo "2145"]
[BlackElo "1954"]
[PlyCount "108"]
[GameId "2160767910709877"]
[EventDate "2007.03.15"]
[EventType "swiss"]
[EventRounds "8"]
[EventCountry "CAN"]
[SourceTitle "EXT 2022"]
[Source "ChessBase"]
[SourceDate "2021.10.06"]
[SourceVersion "1"]
[SourceVersionDate "2021.10.06"]
[SourceQuality "1"]

1. d4 Nf6 2. c4 e6 3. g3 d5 4. Bg2 Be7 5. Nd2 O-O 6. Ngf3 c5 7. O-O cxd4 8. Nxd4 Nc6 9. Nxc6 bxc6 10. Qc2 Qb6 11. b3 Rb8 12. Bb2 a5 13. e4 Ba6 14. Rab1 Rfd8 15. e5 Ne8 16. Rfc1 Bc5 17. Nf3 Rbc8 18. Ng5 g6 19. Bf1 Ng7 20. Qe2 Nf5 21. Qf3 h6 22. Nh3 Bf8 23. Nf4 Bb7 24. Qg4 Bg7 25. c5 Qc7 26. Nd3 Ba6 27. f4 Ne3 28. Qf3 Nxf1 29. Qxf1 Bxd3 30. Qxd3 Rb8 31. Bd4 Qa7 32. h4 h5 33. Kf2 Bf8 34. g4 hxg4 35. h5 Rb4 36. a3 Rxd4 37. Qxd4 gxh5 38. b4 axb4 39. axb4 Qa3 40. Qc3 Qxc3 41. Rxc3 Rb8 42. Kg3 Kh7 43. Rcb3 Rb5 44. Kf2 Kg6 45. Ke3 h4 46. Kd4 Kf5 47. Kc3 h3 48. Kd4 Bh6 49. Rf1 Bxf4 50. Rbb1 g3 51. Rf3 Kg4 52. Rxf4+ Kxf4 53. Kc3 Kg4 54. Rf1 Rb7 0-1

[Event "Scarborough CC Spring Swiss"]
[Site "Toronto CAN"]
[Date "2007.03.29"]
[Round "3"]
[White "Karpik, Steve"]
[Black "Wu, Aaron"]
[Result "1-0"]
[WhiteElo "1600"]
[BlackElo "1491"]
[PlyCount "129"]
[GameId "2160767910709878"]
[EventDate "2007.03.15"]
[EventType "swiss"]
[EventRounds "8"]
[EventCountry "CAN"]
[SourceTitle "EXT 2022"]
[Source "ChessBase"]
[SourceDate "2021.10.06"]
[SourceVersion "1"]
[SourceVersionDate "2021.10.06"]
[SourceQuality "1"]

1. Nf3 c5 2. c4 Nc6 3. g3 g6 4. Bg2 Bg7 5. Nc3 d6 6. O-O Nf6 7. a3 O-O 8. d3 Be6 9. Bd2 a6 10. Qc1 Re8 11. Bh6 Bh8 12. Rb1 Qc8 13. b4 cxb4 14. axb4 Bh3 15. b5 Bxg2 16. Kxg2 Nd8 17. Ra1 Ng4 18. Bd2 axb5 19. Rxa8 Qxa8 20. Nxb5 Ne6 21. Bc3 Qa2 22. Bxh8 Kxh8 23. Qc3+ Kg8 24. Nfd4 Nxd4 25. Nxd4 Ra8 26. Nc2 Qa5 27. Qd4 Qd2 28. Ne3 Nxe3+ 29. Qxe3 Qxe3 30. fxe3 Ra2 31. Rf2 f5 32. Kf3 Kf7 33. g4 e5 34. h3 Ke6 35. gxf5+ gxf5 36. Rg2 Kf6 37. Rg8 e4+ 38. dxe4 fxe4+ 39. Kxe4 Rxe2 40. Rf8+ Kg6 41. Rd8 Rh2 42. Rxd6+ Kg5 43. Rd7 Rxh3 44. Rxb7 h5 45. c5 Rh4+ 46. Kd5 Rh3 47. Re7 Kf6 48. Re6+ Kf7 49. c6 Rh1 50. Rd6 h4 51. e4 Rd1+ 52. Ke5 Rxd6 53. Kxd6 h3 54. c7 h2 55. c8=Q h1=Q 56. Qe6+ Kg7 57. e5 Qd1+ 58. Ke7 Qd4 59. Qf6+ Kh7 60. Kf7 Qd7+ 61. Qe7 Qd5+ 62. Kf8+ Kg6 63. Qf6+ Kh5 64. Qf7+ Qxf7+ 65. Kxf7 1-0